Clic Candidats à la présidence des EU. Homme ? Femme ? - Statistiques

Statistiques générales
  • Ce quiz a été pris 27 fois
  • Le résultat moyen est 29 sur 34
Statistiques - réponses
Hint Explanation Réponse % Correct
Bush George H. Homme
96%
Nixon Richard Homme
96%
Truman Harry Homme
96%
Gore Al Homme
96%
Roosevelt Franklin Homme
96%
Johnson Lyndon Homme
96%
Obama Barack Homme
96%
Eisenhower Dwight Homme
96%
Trump Donald Homme
96%
Kennedy John Homme
96%
Carter Jimmy homme
96%
Reagan Ronald Homme
96%
Biden Joe Homme
96%
McCain John Homme
91%
McGovern George Homme
91%
Perot Ross Homme
91%
Ford Gerald Homme
91%
Johnson Gary Homme
91%
Bush George W. Homme
91%
Romney Mitt Homme
91%
Stevenson Adlai Homme
87%
Dukakis Michael Homme
87%
Goldwater Barry Homme
87%
Wallace George Homme
87%
Thurmond Strom Homme
83%
Mondale Walter Homme
83%
Dole Bob Homme
83%
Dewey Thomas Homme
83%
Kerry John Homme
78%
Humphrey Hubert Homme
70%
Anderson John Homme
70%
Harris Kamala Femme
65%
Clinton Bill Homme
65%
Clinton Hillary Femme
26%
Aucun quiz correspondant
Distribution des résultats
% des personnes avec chaque résultat
Percentile par nombre de réponses
Votre historique - résultats
Vous n’avez pas pris ce quiz